000 00974nam2a22002531 4500
001 rc\762761
005 20250622134922.0
035 _a(NLR Aleph) 006323030
090 _a7469090
_c7469090
100 _a20040301d1985 |||y0rusy50 ca
101 0 _arus
102 _aRU
105 _aa |||||||||
200 1 _aДля восьмого класса
_fА.В. Ефимов
210 _d1985
_aБ. м.
215 _a254 с., 4 л. карт.
_cил.
461 0 _1001rc\762760
_12001#$aНовая история$eУчеб. для сред. шк.$vЧ. 1
_97469082
_cМ.
_d1985-
_e22-е изд.
_nПросвещение
_oУчеб. для сред. шк.
_tНовая история
_vЧ. 1
701 1 _4070
_7ca
_8rus
_aЕфимов
_bА. В.
_cд-р ист. наук
_f1896-1971
_gАлексей Владимирович
_9256224
_3RU\NLR\AUTH\770256280
801 0 _aRU
_bNLR
_gpsbo
801 1 _aRU
_bELAR
_2rusmarc
852 _aNLR
_j85-5/1522
942 _cBOOK
980 _aNB